Tribhuvan University Central Library

Historical introduction to modern psychology (Record no. 9587)

MARC details
000 -LEADER
fixed length control field 004460000a22001930004500
082 ## - DEWEY DECIMAL CLASSIFICATION NUMBER
Classification number 150.9
Item number M953h
-- T
041 ## - LANGUAGE CODE
Language code of text/sound track or separate title Eng
100 ## - MAIN ENTRY--PERSONAL NAME
Personal name Murphy, Gardner
100 ## - MAIN ENTRY--PERSONAL NAME
Personal name Ogden, C. K.
100 ## - MAIN ENTRY--PERSONAL NAME
Personal name Kovach, Joseph K.
245 ## - TITLE STATEMENT
Title Historical introduction to modern psychology
250 ## - EDITION STATEMENT
Edition statement 6th edn.
260 ## - PUBLICATION, DISTRIBUTION, ETC. (IMPRINT)
Place of publication, distribution, etc London
Name of publisher, distributor, etc Routledge & Kegan Paul
260 ## - PUBLICATION, DISTRIBUTION, ETC. (IMPRINT)
Date of publication, distribution, etc 1992
300 ## - PHYSICAL DESCRIPTION
Extent xiv, 526p.
530 ## - ADDITIONAL PHYSICAL FORM AVAILABLE NOTE
Additional physical form available note M
650 ## - SUBJECT ADDED ENTRY--TOPICAL TERM
Topical term or geographic name as entry element Psychology
942 ## - ADDED ENTRY ELEMENTS (KOHA)
Koha item type General Collections
Holdings
Withdrawn status Lost status Damaged status Not for loan Home library Current library Date acquired Total Checkouts Barcode Date last seen Price effective from
        Tribhuvan University Central Library Tribhuvan University Central Library 06/20/2010   G48901 06/20/2010 06/20/2010
        Tribhuvan University Central Library Tribhuvan University Central Library 06/20/2010   104175 06/20/2010 06/20/2010